1031 1178 1056 1656 1907 1068 1086 1262 1701 1053 1935 1120 1763 1170 1651 1358 1321 1062 1086 1615 1446 1590 1425 1207 1947 1497 1371 1813 1280 1538 1778 1614 1433 1476 1395 1511 1774 1375 1953 1324 1843 1781 1439 1346 1577 1650 1781 1454 1941 1732 1021 1176 1344 1994 1133 1196 1139 1189 1571 1297 1420 1503 1211 1414 1888 1487 1390 1704 1215 1030 1015 1324 1204 1734 1049 1923 1979 1671 1382 1341 1231 1178 1491 1355 1579 1055 1613 1750 1894 1592 1514 1413 1940 1682 1168 1592 1851 1020 1651 BCNSPRNW ULIB Ver.6.0+V

เปลี่ยนเป็นภาษาไทย

Change to English
 แสดงรายละเอียดบรรณานุกรม
  กลับหน้าหลัก

Brief Record : Get Marc (ISO 2709) : E-mail record : QR code < ปิดหน้าต่าง
LEADER : 00000nam 2200000uu 4500
001    13399127434
003     ULIB
008    200521s2562||||th 000 0 tha d
020    ^a9786164432598
060    ^aWB115^bว426ก
100    ^aวันชัย เคชสมฤทธิ์ฤทัย ปวีณา เชียวชาญวิศวกิจ เอกพันธ์ ครุพงศ์ วราลักษณ์ ศรีนนท์ประเสริฐ รัตนา ชวนะสุนทรพจน์ และอนุภพ จิตต์เมือง
245    ^aการรักษาต่อเนื่องทางอายุรศาสตร์ Longitudinal Care in Internal Medicine
250    ^aพิมพ์ครั้งที่ 1
260    ^aกรุงเทพฯ :^bภาควิชาอายุรศาสตร์ คณะแพทยศาสตร์ศิริราชพยาบาล,^c2562
300    ^a752 หน้า^bภาพประกอบ, ตาราง, ภาคผนวก
650    ^aอายุรศาสตร์
945    ^p490^l0^i28313
945    ^p490^l0^i28314
945    ^p490^l0^i28315
945    ^p490^l0^i28316
945    ^p490^l0^i28317
999    ^aกัณชพร จุลอักษร
รายการนี้ยังไม่มีแท็ก
คุณยังไม่ได้ล็อกอิน คุณสามารถมีกิจกรรมร่วมกับเว็บไซต์ได้ แต่ต้องล็อกอินก่อน ::
  ล็อกอิน

รายการสื่อสารสนเทศ

ลำดับที่ ประเภท เลขเรียก/บาร์โค้ด สถานที่ สถานะ
1. หนังสือสำรอง
หนังสือสำรอง
WB115 ว426ก ฉ.1 
  Barcode: 28313
ห้องสมุดวิทยาเขตนครสวรรค์
►หนังสือทั่วไป:l:General Books
บนชั้น
2. วิทยาศาสตร์การแพทย์ และสุขภาพ
วิทยาศาสตร์การแพทย์ และสุขภาพ
WB115 ว426ก ฉ.2 
  Barcode: 28314
ห้องสมุดวิทยาเขตนครสวรรค์
►หนังสือทั่วไป:l:General Books
บนชั้น
3. วิทยาศาสตร์การแพทย์ และสุขภาพ
วิทยาศาสตร์การแพทย์ และสุขภาพ
WB115 ว426ก ฉ.3 
  Barcode: 28315
ห้องสมุดวิทยาเขตนครสวรรค์
►หนังสือทั่วไป:l:General Books
บนชั้น
4. วิทยาศาสตร์การแพทย์ และสุขภาพ
วิทยาศาสตร์การแพทย์ และสุขภาพ
WB115 ว426ก ฉ.4 
  Barcode: 28316
ห้องสมุดวิทยาเขตนครสวรรค์
►หนังสือทั่วไป:l:General Books
บนชั้น
5. วิทยาศาสตร์การแพทย์ และสุขภาพ
วิทยาศาสตร์การแพทย์ และสุขภาพ
WB115 ว426ก ฉ.5 
  Barcode: 28317
ห้องสมุดวิทยาเขตนครสวรรค์
►หนังสือทั่วไป:l:General Books
บนชั้น

รายการใกล้เคียง
    ชื่อเรื่อง [การรักษาต่อเนื่องทางอายุรศาสตร์ Longitudinal Care in Internal Medicine]

    ผู้แต่ง [วันชัย เคชสมฤทธิ์ฤทัย ปวีณา เชียวชาญวิศวกิจ เอกพันธ์ ครุพงศ์ วราลักษณ์ ศรีนนท์ประเสริฐ รัตนา ชวนะสุนทรพจน์ และอนุภพ จิตต์เมือง]

    หัวเรื่อง [อายุรศาสตร์]

BibComment


ยังไม่เคยถูกคอมเมนท์

คอมเมนท์ทรัพยากรรายการนี้
  คอมเมนท์: การรักษาต่อเนื่อ..


 Copyright 2026. Bcnsprnw @Library